Nerovnomerné rozvrhnutie pracovného času

Pracovný čas môže byť v rámci pracovného týždňa rozvrhnutý rovnomerne na jednotlivé pracovné dni. Predpoklady pre nerovnomerne rozvrhnutý pracovný čas. Pružný pracovný čas. Konto pracovného času. Výkon práce v prípade deleného pracovného miesta.

Guardado en:
Detalles Bibliográficos
Autor principal: Hrtánek, Ladislav
Formato: Capítulo de libro
Lenguaje:eslovaco
Materias:
Etiquetas: Agregar Etiqueta
Sin Etiquetas, Sea el primero en etiquetar este registro!

MARC

LEADER 00000naa a2200000 4500
001 0236826
005 20221129080524.9
041 0 |a slo 
044 |a SK 
245 1 0 |a Nerovnomerné rozvrhnutie pracovného času  |c Ladislav Hrtánek 
520 |a Pracovný čas môže byť v rámci pracovného týždňa rozvrhnutý rovnomerne na jednotlivé pracovné dni. Predpoklady pre nerovnomerne rozvrhnutý pracovný čas. Pružný pracovný čas. Konto pracovného času. Výkon práce v prípade deleného pracovného miesta. 
610 2 0 |a čas pracovný 
610 2 0 |a organizácia práce 
610 2 0 |a flexibilita 
610 2 0 |a čas pracovný pohyblivý 
610 2 0 |a miesta pracovné 
100 1 |a Hrtánek, Ladislav